000 00697nam a2200217Ia 4500
999 _c51687
_d51687
001 18678
003 GE_BSU
005 20210406123550.0
008 181216s2015||||ge |||||||||||||| ||eng||
020 _a9788776119263
040 _cGE_BSU
080 _a572.9 K-42
100 _aKhalvashi, Tamta
_911098
245 _aPeripheral Affects. Shame Publics, and Performance on the margins of the Republic of Georgia /
_cTamta Khalvashi.
264 _c2015.
300 _a222 p.
_b25 cm.
653 _aPeripheral Affects. Shame Publics, and Performance on the margins of the Republic of Georgia
653 _aბიოლოგია
653 _aდისერტაცია
942 _cBK
_2udc